| 000 | 00417nam a22001217a 4500 | ||
|---|---|---|---|
| 082 | _a200 THE | ||
| 100 |
_aMUSAHIB ALI, _970384 |
||
| 245 | _aTH-SOF-1001-TO DEVELOP A METHODOLOGY TO IMPROVE AIR CONDITIONING OF AN OPERATIONAL DATA CENTRE FOR ENERGY EFFICIENCY | ||
| 260 |
_aISLAMABAD _bNUST COLLEGE OF EME _c2014 |
||
| 650 |
_aMS-MECH-64 MSTHESIS _970385 |
||
| 700 |
_a SUPERVISOR DR IMRAN AKHTAR _969939 |
||
| 942 | _cCF | ||
| 999 |
_c577367 _d577367 |
||